Normal view MARC view

Entry Topical Term

Number of records used in: 1

001 - CONTROL NUMBER

  • control field: 36608

003 - CONTROL NUMBER IDENTIFIER

  • control field: OSt

005 - DATE AND TIME OF LATEST TRANSACTION

  • control field: 20230307121426.0

008 - FIXED-LENGTH DATA ELEMENTS

  • fixed length control field: 230307|| aca||aabn | a|a d

040 ## - CATALOGING SOURCE

  • Original cataloging agency: OSt
  • Transcribing agency: OSt

150 ## - HEADING--TOPICAL TERM

  • Topical term or geographic name entry element: Crop income, Farm income, Growth rate, Indian agriculture, Wage income.

670 ## - SOURCE DATA FOUND

  • Source citation: Work cat.: (OSt): Narayanamoorthy, A. and Sujitha, K. S. 36607, Are the farmer households becoming agricultural labour households in India? An analysis of state-wise SAS data

Powered by Koha